ផ្ទះពណ៏ក្រហម : (Record no. 8828)

MARC details
000 -LEADER
fixed length control field 01817nam a22003017a 4500
001 - CONTROL NUMBER
control field 8828
003 - CONTROL NUMBER IDENTIFIER
control field FISKH
005 - DATE AND TIME OF LATEST TRANSACTION
control field 20251022095309.0
008 - FIXED-LENGTH DATA ELEMENTS--GENERAL INFORMATION
fixed length control field 251022b cb ||||| |||| 00| 0 eng d
040 ## - CATALOGING SOURCE
Original cataloging agency FISKH
Language of cataloging khr
Transcribing agency FISKH
Modifying agency FISKH
050 ## - LIBRARY OF CONGRESS CALL NUMBER
Classification number PZ7
082 ## - DEWEY DECIMAL CLASSIFICATION NUMBER
Classification number 895
100 ## - MAIN ENTRY--PERSONAL NAME
Personal name Sotheary, Kimsun
245 ## - TITLE STATEMENT
Title ផ្ទះពណ៏ក្រហម :
Remainder of title The red house /
Statement of responsibility, etc. និពន្ធដោយ អ្នកស្រី គឹម​ ស៊ុនសុធារី , ពិនិត្យអក្ខរាវិរុទ្ធ អ្នកនាង វ៉ាត ចរិយា​ , កញ្ញា វុិច វឌ្ឍនា​ និង កញ្ញា ហម លឹមឆេង
260 ## - PUBLICATION, DISTRIBUTION, ETC.
Place of publication, distribution, etc. ភ្នំពេញ :
Name of publisher, distributor, etc. Reading Books ,
Date of publication, distribution, etc. 2014.
300 ## - PHYSICAL DESCRIPTION
Extent 16 pages :
Other physical details color illustrations ;
Dimensions 20 *20 cm .
490 ## - SERIES STATEMENT
Series statement ពិភពកុមារតូច
505 ## - FORMATTED CONTENTS NOTE
Formatted contents note J <br/>
520 ## - SUMMARY, ETC.
Summary, etc. រឿងនេះចង់អប់រំអោយកុមារតូចៗបានយល់ពី ទិស ពណ៏ និងសំឡេង ជាងនេះទៅទៀត ចង់អប់រំអោយប្អូនៗកុមារចេះរាប់អានមិត្ត និងមានទំនាក់ទំនងគ្នាទៅថ្ងៃក្រោយ ។
520 ## - SUMMARY, ETC.
Summary, etc. The red house is intended to educate young children to understand about direction, color and sound . This story also advises children to make friends and build relationship in the future .
521 8# - TARGET AUDIENCE NOTE
Target audience note 500 <br/>
Source Lexile estimate <br/>
521 8# - TARGET AUDIENCE NOTE
Target audience note J <br/>
Source Raz-Plus <br/>
650 ## - SUBJECT ADDED ENTRY--TOPICAL TERM
Topical term or geographic name entry element ផ្ទះពណ៏ក្រហម
Form subdivision រឿងនិទានកុមារ​
650 ## - SUBJECT ADDED ENTRY--TOPICAL TERM
Topical term or geographic name entry element The red house
Form subdivision Children's Stories
700 ## - ADDED ENTRY--PERSONAL NAME
Personal name Saren, Koam
Relator term Illustrator
942 ## - ADDED ENTRY ELEMENTS (KOHA)
Source of classification or shelving scheme Dewey Decimal Classification
Koha item type Khmer Books
Suppress in OPAC No
Holdings
Withdrawn status Lost status Source of classification or shelving scheme Damaged status Not for loan Collection Home library Current library Shelving location Date acquired Total Checkouts Full call number Barcode Date last seen Price effective from Koha item type
    Dewey Decimal Classification     Khmer-English Bilingual / ភាសាខ្មែរ-អង់គ្លេស Footprints International School Library Network Toul Tom Poung Campus Footprints International School Library Network Toul Tom Poung Campus TTP Primary Khmer Bookshelves 10/22/2025   SOT PZ7 895 2025-4700 10/22/2025 10/22/2025 Khmer Books